| 000 | 01305nac a2200349 a 4500 | ||
|---|---|---|---|
| 003 | CO-PeBPM | ||
| 005 | 20260325204618.0 | ||
| 007 | ta | ||
| 008 | 260325s2008 ck a|||| |||| 00| 0 spa d | ||
| 020 | _a9789583003707 | ||
| 040 |
_aCO-PeBPM _bspa _cCO-PeBPM _erda |
||
| 041 | _aspa | ||
| 082 | 0 | 4 |
_a(i) Co863 C112is _222 |
| 100 | 1 |
_aCaballero Calderón, Eduardo _d, 1910-1993 _eautor |
|
| 245 | 1 | 0 |
_aHistoria en cuentos 4 _c/ Eduardo Caballero Calderón ; ilustraciones de Nora Estela Torres y Daniel Jaime |
| 250 | _aTercera reimpresión | ||
| 264 |
_aSantafé de Bogotá _b: Panamericana Editorial _c, 2008 |
||
| 300 |
_a75 páginas _bilustraciones a color _c21 centimetros |
||
| 336 |
_2rdacontent _atexto _btxt |
||
| 337 |
_2rdamedia _asin mediación _bn |
||
| 338 |
_2rdacarrier _avolumen _bnc |
||
| 490 | _aColección Literatura Juvenil | ||
| 500 | _aIncluye índice | ||
| 500 | _aContiene datos biográficos del autor en la solapa del texto | ||
| 505 | _aEl almirante niño -- El caballito de Bolívar -- El sargento de doce años | ||
| 650 | 1 | 7 |
_aCuentos infantiles colombianos _2LEMB |
| 650 | 1 | 7 |
_aLiteratura infantil _2LEMB |
| 651 | 1 | 7 | _aColombia -Historia - Cuentos |
| 700 | 1 |
_aTorres, Nora Estela _eilustradora |
|
| 700 | 1 |
_aJaime Aulí, Daniel _eilustrador |
|
| 942 |
_2ddc _n0 _cLITA |
||
| 999 |
_c107255 _d107255 |
||